00227nam a2200073Ia 4500082001100000245002500011100007600036008004100112 aAF MAN 0aDie vurige swartkop  a LINGUA, Susanna M. (Susanna Myburgh) Pretoria, 1995 Grootdrukuitg 210817s9999 xx 000 0 und d